书目信息 |
| 题名: |
感性理性系统分化说
|
|
| 作者: | 程乐华 著 | |
| 分册: | ||
| 出版信息: | 北京 机械工业出版社 2021.05 |
|
| 页数: | 212页 | |
| 开本: | 23cm | |
| 丛书名: | ||
| 单 册: | ||
| 中图分类: | B848 | |
| 科图分类: | ||
| 主题词: | 人格心理学--ren ge xin li xue--研究 | |
| 电子资源: | ||
| ISBN: | 978-7-111-67649-2 | |
| 000 | 01058nam0 2200253 450 | |
| 001 | 202021194470 | |
| 005 | 20211025120147.0 | |
| 010 | @a978-7-111-67649-2@dCNY79.00 | |
| 100 | @a20211005d2021 em y0chiy50 ea | |
| 101 | 0 | @achi |
| 102 | @aCN@b110000 | |
| 105 | @aa z 000yy | |
| 106 | @ar | |
| 200 | 1 | @a感性理性系统分化说@Agan xing li xing xi tong fen hua shuo@e情理关系的重构@f程乐华著 |
| 210 | @a北京@c机械工业出版社@d2021.05 | |
| 215 | @a212页@c图@d23cm | |
| 300 | @a华章心理 | |
| 330 | @a本书作者从2008年起研究心理学艺术化, 多有理论和工具创新, 并通过多年的观察和实验设计不断进行修正。作者在已有的双系统理论的启发下, 总结和发展出了“感性理性系统分化说”这一人格理论, 根据双系统和遗传性—社会化这两个维度, 将人格分成了四种类型, 详细分析了每种人格类型的特质及其在生活、工作、人际交往等社会领域中的应用。 | |
| 517 | 1 | @a情理关系的重构@Aqing li guan xi de chong gou |
| 606 | 0 | @a人格心理学@Aren ge xin li xue@x研究 |
| 690 | @aB848@v5 | |
| 701 | 0 | @a程乐华@Acheng le hua@4著 |
| 801 | 0 | @aCN@c20210909 |
| 905 | @a河南城建学院图书馆@dB848@eC752 | |
| 感性理性系统分化说:情理关系的重构/程乐华著.-北京:机械工业出版社,2021.05 |
| 212页:图;23cm |
| 华章心理 |
| ISBN 978-7-111-67649-2:CNY79.00 |
| 本书作者从2008年起研究心理学艺术化, 多有理论和工具创新, 并通过多年的观察和实验设计不断进行修正。作者在已有的双系统理论的启发下, 总结和发展出了“感性理性系统分化说”这一人格理论, 根据双系统和遗传性—社会化这两个维度, 将人格分成了四种类型, 详细分析了每种人格类型的特质及其在生活、工作、人际交往等社会领域中的应用。 |
| ● |
| 相关链接 |
|
|
|
正题名:感性理性系统分化说
索取号:B848/C752
 
预约/预借
| 序号 | 登录号 | 条形码 | 馆藏地/架位号 | 状态 | 备注 |
| 1 | 1543601 | 215436017 | 社科库509/509社科库 40排4列6层/ [索取号:B848/C752] | 在馆 | |
| 2 | 1543602 | 215436026 | 社科库509/509社科库 40排4列6层/ [索取号:B848/C752] | 在馆 |